| 000 | 00754cam a22002413a 4500 | ||
|---|---|---|---|
| 001 | 31430 | ||
| 003 | PGUSA | ||
| 005 | 20140828083659.0 | ||
| 008 | 100227s2010||||xxu|||||s|||||000 | eng d | ||
| 040 |
_aPGUSA _beng |
||
| 042 | _adc | ||
| 050 | 4 | _aBX | |
| 245 | 1 | 4 |
_aThe Church of England Magazine - Volume 10, No. 263, January 9, 1841 _h[electronic resource] / _cVarious |
| 260 |
_bProject Gutenberg, _c2010 |
||
| 506 | _aPublic domain in the USA. | ||
| 516 | _aElectronic text | ||
| 653 | _aChurch of England -- Periodicals | ||
| 653 | _aUnited Church of England and Ireland -- Periodicals | ||
| 653 | _aChurch of Ireland -- Periodicals | ||
| 830 | 0 |
_aProject Gutenberg _v31430 |
|
| 856 | 4 | 0 | _uhttp://www.gutenberg.org/ebooks/31430 |
| 942 | _cEB | ||
| 999 |
_c260685 _d260685 |
||